Countries of a Modern Kalmar Union - Statistics

General Stats
  • This quiz has been taken 51 times
  • The average score is 16 of 18
Answer Stats
Years Answer % Correct
1397- Denmark
100%
1397-1721 Estonia
100%
1397-1864 Germany
100%
1559-1585, 1629-1721 Latvia
100%
1629-1635 Lithuania
100%
1397- Norway
100%
1629-1720 Poland
100%
1397- Sweden
100%
1397-1944 Iceland
98%
1583-1721 Russia
98%
1397-1469 United Kingdom
98%
1397-1809 Finland
95%
unknown Canada
84%
1638-1917 United States
84%
1784-1878 France
80%
1650-1850 Ghana
48%
1620-1869 India
43%
1733 Trinidad and Tobago
23%
No matching quizzes found
Score Distribution
Percent of People with Each Score
Percentile by Number Answered
Your Score History
You have not taken this quiz